|
|
|
|
| LEADER |
00000nam a22000007a 4500 |
| 005 |
20180503114916.0 |
| 007 |
cr|||| |||| |
| 008 |
180503c20? 9999co fr|| s|||| 0|||b1spa d |
| 035 |
|
|
|a 21455
|
| 040 |
|
|
|a vLex
|
| 090 |
|
|
|c 7900
|d 7900
|
| 245 |
0 |
0 |
|a Cuadernos de Administracin̤
|h [Recurso electrn̤ico]
|
| 256 |
|
|
|a Servicio en ln̕ea
|
| 260 |
|
|
|a Bogot ̀:
|b Pontificia Universidad Javeriana,
|c 20? -
|
| 300 |
|
|
|a 1 recurso electrn̤ico
|
| 506 |
|
|
|a Disponible solo en los productos indicados
|d vLex Global
|d vLex Global (Academic Edition, excluding Law Schools)
|d vLex Global (U.S. Academic Edition, Law Schools)
|d vLex Global (U.S. Academic Edition, excluding Law Schools)
|d vLex Global (Academic Edition, Law Schools)
|
| 650 |
0 |
4 |
|a Derecho administrativo
|z Colombia
|
| 740 |
0 |
|
|a vLex Revistas (Servicio en ln̕ea)
|
| 856 |
4 |
0 |
|u http://vlex.com/source/cuadernos-contabilidad-21455
|z Acceso restringido
|
| 942 |
|
|
|c REV
|
| 999 |
0 |
|
|a Administrative law
|